Polymer year book 2 (Record no. 39806)

MARC details
000 -LEADER
fixed length control field 00278nam a2200109Ia 4500
082 ## - DEWEY DECIMAL CLASSIFICATION NUMBER
Classification number 678(058)
Item number PET
245 #0 - TITLE STATEMENT
Title Polymer year book 2
260 ## - PUBLICATION, DISTRIBUTION, ETC. (IMPRINT)
Place of publication New York
Name of publisher Harwood Academic
Year of publication 1985
700 ## - ADDED ENTRY--PERSONAL NAME
Personal name Pethrick Richard, A
942 ## - ADDED ENTRY ELEMENTS (KOHA)
Koha item type Books
Holdings
Withdrawn status Lost status Damaged status Not for loan Home library Current library Date acquired Full call number Accession Number Koha item type
        RRII Library RRII Library 16/12/2021 678(058) PET 20123 Books